000 00653nam a2200265Ia 4500
008 160803s9999 xx 000 0 und d
020 _a043975495X
100 _aMoriarty, Julie
245 _aI witness:
245 _bstories from real diaries /
245 _ccompiled by Julie Moriarty.
260 _aNew York :
260 _bScholastic Inc.
260 _c2006
300 _a16 pages :
300 _bcolor illustrations ;
300 _c24 cm.
440 _aScholastic FX books ;
440 _vbk. 22
650 _aDiaries --
650 _aYouth --
650 _xDiaries.
650 _xJuvenile literature.
700 _a450
999 _c299391
_d299391